|
|
|
|
| LEADER |
01568njm a2200421 a 4500 |
| 001 |
001367627 |
| 003 |
CZ BrMZK |
| 005 |
20140225072848.0 |
| 007 |
sd fsngnnmmned |
| 008 |
140218s2012 xr munng d n cze d |
| 015 |
|
|
|a cnb002436018
|
| 024 |
3 |
|
|a 8594171280047
|
| 028 |
0 |
1 |
|a 7128004
|b Brainzone
|
| 040 |
|
|
|a BOA001
|b cze
|
| 045 |
|
|
|a y1y1
|
| 047 |
|
|
|a rc
|a pp
|
| 072 |
|
7 |
|a 784
|x Vokální hudba
|2 Konspekt
|9 9
|
| 080 |
|
|
|a 78.036
|2 MRF
|
| 080 |
|
|
|a 784.4
|2 MRF
|
| 080 |
|
|
|a (086.76)
|2 MRF
|
| 100 |
1 |
|
|a Ztracený, Marek,
|d 1985-
|7 xx0088360
|4 cmp
|4 lyr
|4 sng
|4 itr
|
| 245 |
1 |
0 |
|a V opilosti
|h [zvukový záznam] /
|c Marek Ztracený
|
| 260 |
|
|
|a [Praha] :
|b Brainzone,
|c p2012
|
| 300 |
|
|
|a 1 zvuková deska :
|b digital ;
|c 12 cm
|
| 500 |
|
|
|a V pouzdře texty písní
|
| 500 |
|
|
|a Kompaktní deska
|
| 505 |
0 |
0 |
|t Káva a sex --
|t V opilosti --
|t Oheň --
|t Rozdíly --
|t Naj naj naj --
|t Sex s ex --
|t Nebudu ti děvkou --
|t Možná --
|t Odrážení ze dna --
|t Máme, co jsme chtěli --
|t Sám
|
| 511 |
0 |
|
|a Marek Ztracený (zpěv, klavír, sytnetizéry, basová kytara) a další instrumentalisté
|
| 518 |
|
|
|a Nahráno ve studiu Mercury Romanem "Masha" Šandorem
|
| 648 |
|
4 |
|a 2012
|
| 648 |
|
7 |
|a 2011-2020
|7 ch460589
|2 czenas
|
| 650 |
0 |
7 |
|a rock
|7 ph125174
|2 czenas
|
| 650 |
0 |
7 |
|a populární písně
|7 ph124354
|y 2011-2020
|2 czenas
|
| 655 |
|
7 |
|a kompaktní desky
|7 fd201991
|2 czenas
|
| 910 |
|
|
|a BOA001
|b CDR-1320.381
|
| 990 |
|
|
|a AV
|
| 991 |
|
|
|b 201402
|
| 996 |
6 |
|
|b 2610582047
|c CDR-1320.381
|l MZK
|r Sklad / do 24 hodin
|n 0
|p p.v.
|w 001402588
|u 000010
|a 1
|e BOA001
|j MZK50
|s P
|